00395nam a2200133Ia 4500008004100000082001400041100002100055245003200076260002000108600001200128942000700140952009700147999001700244241002s9999 xx 000 0 und d a923.2 BRE aBrecher, Michael 0aNehru A Political Biography aNew York:c1961 aHistory cUC 00104070aUITUbUITUd1994-01-01l0o923.2 BREpUC163r2024-10-02 09:31:10w2024-10-02yUC c18490d18490